Tretie matiné "hudby dneška"

Bibliographic Details
Main Author: Vajda, Igor, 1935-2001 (Author)
Format: Article
Language:Slovak

MARC

LEADER 00000nab a2200000uu 4500
001 vtls010884424
003 SK-MaSNL
005 20260426034404.0
008 230222|1964 xo |||||||||||||||||slo|
015 |a SNBRB 
035 |a (urnnbn)urn:nbn:sk:snk:ar-002apm 
035 |a (uuid)b89efe70-9c22-4968-9a18-8910c48e021c 
035 |a urn:nbn:sk:snk-ab8fpr 
040 |a SNKBUCL  |b slo  |c SNKBUCL  |e AACR2 
041 0 |a slo 
044 |a xo  |c SK 
100 |a Vajda, Igor,  |d 1935-2001  |4 aut  |9 461792 
245 1 0 |a Tretie matiné "hudby dneška"  |c Igor Vajda 
773 0 |t Slovenská hudba : revue pre hudobnú kultúru  |g Roč. 8, č. 8 (1964), s. 246-247 
954 |a odborná, vedecká literatúra pôvodná (slovenská)  |2 lita 
958 |a OND 
958 |a EUIPO 
958 |a article10 
999 |c 2000584  |d 2002514